La Ciudad de las Esfinges.

Na minha lista:
Detalhes bibliográficos
Autor principal: Sandoval, Jaime Alfonso (autor)
Formato: Livro
Idioma:inglês
Publicado em: México, D.F., México, Ediciones SM, 2016
Edição:Sexta edición.
Colecção:El Barco de Vapor, 3M.
Assuntos:
Tags: Adicionar Tag
Sem tags, seja o primeiro a adicionar uma tag!

MARC

LEADER 00000nam a22000007a 4500
003 CL-VaPUC
005 20220616110714.0
008 220512b2016 ||||| |||| 00| 0 eng d
999 |c 435595  |d 435593 
020 |a 978-607-24-2046-5 
040 |c Pontificia Universidad Católica de Valparaíso 
082 7 |a Me863 SAN 2016  |2 22 
100 1 |a Sandoval, Jaime Alfonso  |e autor  |9 869111 
245 |a La Ciudad de las Esfinges. 
250 |a Sexta edición. 
260 |a México, D.F., México,  |b Ediciones SM,  |c 2016 
300 |a 191 páginas 
490 |a El Barco de Vapor, 3M. 
500 |a c1. Donación Biblioteca Curauma. Recibido en GC 19/4/22 
583 |c 20220512  |k Catalogador Asistente 
650 |a Novelas mexicanas  |9 317570 
650 |a Animales míticos   |x Novelas  |9 870525 
942 |2 ddc  |c BK 
952 |0 0  |1 0  |2 ddc  |4 0  |6 ME_863_000000000000000_SAN_2016  |7 0  |8 A  |9 583037  |a BIBCUR  |b BIBCUR  |c GEN  |d 2022-05-12  |e Donación  |i 5651182  |o Me863 SAN 2016  |p 5651182  |r 2025-04-22  |t 1  |w 2022-05-12  |y BK  |k CAC